[Event "Kharkov Rector Cup 4th"]
[Site "Kharkov"]
[Date "2002.03.22"]
[Round "1"]
[White "Kovchan, Alexander"]
[Black "Gershon, Alik"]
[Result "0-1"]
[WhiteElo "2507"]
[BlackElo "2558"]
[Annotator "Mueller,Karsten"]
[PlyCount "98"]
[EventDate "2002.03.22"]
[EventType "tourn"]
[EventRounds "10"]
[EventCountry "UKR"]
[EventCategory "13"]
[SourceTitle "CBM 089"]
[Source "ChessBase"]
[SourceDate "2002.08.12"]
[SourceVersion "1"]
[SourceVersionDate "2002.08.12"]
[SourceQuality "1"]

1. e4 c5 2. Nf3 d6 3. d4 cxd4 4. Nxd4 Nf6 5. Nc3 Nc6 6. f3 a6 7. Be3 d5 8. exd5
(8. Qe2 e5 (8... Nxd4 9. Bxd4 dxe4 10. O-O-O exf3 11. Qe3 $44) 9. Nxc6 bxc6 10.
exd5 Nxd5 11. O-O-O Be6 12. Qc4 Qc8 $6 (12... Qd7 $142) 13. Nxd5 Bxd5 14. Qa4
$14 Be6 15. f4 exf4 16. Bxf4 Be7 17. Bd6 Bg5+ 18. Kb1 Qb7 19. Bc4 Bf6 20. Ba3
Bxc4 21. Qxc4 Be5 22. Rhe1 f6 23. Qe6+ {1-0 Llobel Cortell,E-Daubenfeld,G/
Halkidiki GRE 2001/The Week in Chess 357 (23)}) 8... Nxd5 (8... Nb4 9. Bc4
Nbxd5 10. Nxd5 Nxd5 11. Bf2 Qa5+ 12. c3 $6 {Die Variante 14.Kf1 bedarf
allerdings weiterer Analyse.} (12. Qd2 $142 $14) 12... Nxc3 13. Qd2 Qe5+ 14.
Ne2 (14. Kf1 $5 Nd5 15. Re1 Qf4 16. Qc2 $13 {nach} Nb6 {kommt das überraschende
} 17. Ne6 {in Betracht.}) 14... Nxe2 15. Bxe2 e6 16. Rd1 Qc7 17. O-O Bc5 $15 {
1-0 Barrientos,S-Saladen,R/Cali COL 2001/The Week in Chess 355 (48)}) 9. Nxc6
bxc6 10. Nxd5 Qxd5 11. Bd3 e5 (11... Bf5 12. Bxf5 Qxf5 13. Qd4 Qa5+ (13... Qxc2
$6 {ist extrem riskant:} 14. Rd1 Qf5 15. O-O Qc8 16. Rd3 $36) 14. Bd2 Rd8 15.
Qe3 (15. Bxa5 Rxd4 16. Ke2 $14) 15... Qd5 16. Qc3 f6 17. Be3 e5 18. Kf2 Qe6 19.
Qb3 Rd5 20. Rhd1 Be7 21. Qb8+ Bd8 22. Qb7 Qd7 23. Qxd7+ {1/2-1/2 Sulypa,
A-Ivanisevic,I/Kladovo YUG 2001/The Week in Chess 355 (23).}) 12. Qe2 Qa5+ 13.
Bd2 Bb4 14. Bxb4 Qxb4+ 15. c3 Qc5 16. O-O-O $14 O-O 17. Rhe1 Re8 18. f4 g6 (
18... e4 $6 19. Bxe4 Bf5 20. Qf3 $16) 19. Qe3 $6 ({Warum nicht einfach} 19.
fxe5 {?}) 19... Qa5 20. Bc4 $6 (20. a3 Bg4 21. Rd2 {war besser.}) 20... Be6 $1
$15 21. Bxe6 Rxe6 22. f5 gxf5 23. Qg5+ $6 {bringt vor allem den schwarzen Turm
in Angriffsposition.} (23. Kb1 $5 Rb8 24. Rd7 Qb6 25. Qg5+ Rg6 26. Qd2 $15)
23... Rg6 24. Qxf5 Qxa2 25. Qxe5 Rxg2 26. Rd2 $2 (26. Re2 {war von Nöten,
wonach weiße gewisse Gegenchancen behält.}) 26... Qa1+ $19 27. Kc2 Rxd2+ 28.
Kxd2 Qxb2+ 29. Ke3 Qg2 30. Rd1 a5 31. Rd4 h6 32. h4 (32. Rd6 Qg5+ 33. Qxg5+
hxg5 34. Rxc6 (34. Kd2 a4 35. Kc2 a3 36. Kb1 a2+ 37. Ka1 Ra6 $19) 34... a4 35.
Rc5 f6 36. Rf5 a3 $19) 32... a4 33. Qe7 Qh3+ 34. Kf2 Qe6 35. Rd8+ ({Das
Turmendspiel nach} 35. Qxe6 fxe6 36. Rd2 a3 37. Ra2 $19 {ist aufgrund der
passiven weißen Turmstellung total verloren.}) 35... Rxd8 36. Qxd8+ Kg7 37. Qa5
Qe4 38. h5 Qf4+ 39. Ke2 Qc4+ 40. Kf2 Qb5 41. Qa7 Qb2+ 42. Kf1 Qc1+ $1 ({
Das voreilige} 42... a3 $4 {läuft in} 43. Qd4+ $11 {mit Dauerschach.}) 43. Kf2
Qd2+ 44. Kf1 Qf4+ 45. Ke2 Qe5+ 46. Kf1 Qxh5 47. Qd4+ (47. Qxa4 Qb5+ $19) 47...
Kg6 48. Qd6+ Kh7 $1 {ein starker Rückzug, weil der Bauer c6 nun nicht
verspeist werden darf. Die Technik der Königsbehandlung ist im Damenendspiel
sehr wichtig.} 49. Qxc6 Qf5+ (49... Qf5+ 50. Ke2 (50. Kg2 Qg6+ 51. Qxg6+ Kxg6
52. c4 a3 $19) 50... Qe6+ 51. Qxe6 fxe6 52. Kd2 Kg7 $19) 0-1

[Event "St Petersburg-ch 77th"]
[Site "St Petersburg"]
[Date "2004.04.05"]
[Round "5"]
[White "Solovjov, Sergey"]
[Black "Loginov, Valery A"]
[Result "0-1"]
[WhiteElo "2426"]
[BlackElo "2516"]
[Annotator "Mueller,Karsten"]
[PlyCount "160"]
[EventDate "2004.04.01"]
[EventType "tourn"]
[EventRounds "11"]
[EventCountry "RUS"]
[EventCategory "10"]
[SourceTitle "CBM 101"]
[Source "ChessBase"]
[SourceDate "2004.07.27"]
[SourceVersion "1"]
[SourceVersionDate "2004.07.27"]
[SourceQuality "1"]

1. e4 c5 2. Nf3 d6 3. d4 cxd4 4. Nxd4 Nf6 5. Nc3 a6 6. Be3 e5 7. Nb3 Be6 8. f3
Be7 9. Qd2 O-O 10. O-O-O Nbd7 11. g4 b5 12. g5 b4 13. Ne2 Ne8 14. Ng3 a5 15.
Kb1 a4 16. Nc1 Qb8 17. Nf5 Bd8 18. Nxd6 b3 19. cxb3 axb3 20. axb3 Ba5 21. Qd3
Nc7 22. h4 Bb4 23. g6 hxg6 24. h5 gxh5 25. Rxh5 Nf6 26. Rxe5 Rd8 27. Bc5 Nfe8
28. Qd4 Rxd6 29. Bxd6 Bxd6 30. Rh5 Nf6 31. Rg5 Be7 32. Bc4 Bxc4 33. Qxc4 Ne6
34. Rb5 Qa7 35. e5 Nh5 36. Qa4 Qxa4 37. bxa4 Rxa4 38. Rd7 Bf8 39. Nd3 Rh4 40.
Rb8 Nhf4 41. Nf2 Rh5 42. Rb5 Nc5 43. Rd8 Nfe6 44. Rc8 Rh2 45. b4 Rxf2 46. bxc5
Rxf3 47. c6 Rc3 48. Kb2 Rc4 49. Rd5 Kh7 50. Kb3 Rc5 51. Rxc5 Bxc5 52. Kc4 Bb6
53. Kd5 Kg6 54. Ke4 f5+ 55. exf6 Kxf6 56. Rb8 Bc7 57. Rb1 g5 58. Rf1+ Kg6 59.
Kd5 Nf4+ 60. Ke4 Kf6 61. Rf3 Bd6 62. Rf1 Be5 63. Rc1 Bc7 64. Rf1 Kg6 65. Rf2
Nh5 66. Kd5 g4 67. Ke6 g3 68. Ra2 Nf6 69. Ra7 Ne8 70. Kd7 {The two passed
pawns should cancel each other out, thus a draw...  beide Freibauern sollten
sich neutralisieren, also remis.} Be5 (70... Kf7 71. Ra1 (71. Rxc7 $2 g2 $19)
71... Be5 72. Re1 Nf6+ 73. Kd8 Bc3 74. Re3 (74. c7 $2 Bxe1 75. c8=Q Ba5+ 76.
Qc7+ Bxc7+ 77. Kxc7 g2 $19) 74... Ba5+ 75. Kc8 Nh5 76. Rxg3 Nxg3 77. c7 Nf5 78.
Kb8 $11) 71. Kxe8 g2 72. c7 Bxc7 (72... g1=Q 73. Ra6+ Kh5 (73... Kg7 $2 74.
c8=Q $18) 74. c8=Q $11) 73. Ra1 Bb6 74. Kd7 Kf5 75. Kc6 Bd4 76. Re1 Kf4 77. Kd5
Bf2 78. Ra1 Kf3 79. Kc4 Ke2 80. Ra2+ $4 {[%mdl 8192] What a blunder! was für
ein Bock!} (80. Rb1 Be1 81. Rb2+ Bd2 82. Rb1 $11) 80... Kf1 (80... Kf1 81. Ra1+
Be1 $19) 0-1

[Event "DEN-ch"]
[Site "Nyborg"]
[Date "2001.04.13"]
[Round "7"]
[White "Mortensen, Erling"]
[Black "Nielsen, Peter Heine"]
[Result "0-1"]
[WhiteElo "2438"]
[BlackElo "2585"]
[Annotator "Nielsen,Peter Heine"]
[PlyCount "70"]
[EventDate "2001.04.07"]
[EventType "tourn"]
[EventRounds "9"]
[EventCountry "DEN"]
[EventCategory "8"]
[SourceTitle "CBM 083"]
[Source "ChessBase"]
[SourceDate "2001.07.05"]
[SourceVersion "1"]
[SourceVersionDate "2001.07.05"]
[SourceQuality "1"]

1. e4 c5 2. Nf3 d6 3. d4 cxd4 4. Nxd4 Nf6 5. Nc3 a6 6. h3 {Not the most
dangerous move, but Fischer did have some succeses with it.} g6 7. g4 Bg7 8. g5
Nfd7 {Reshevsky went to h5, and Fischer critizices Nfd7. To me it looks fine
though. In the modern spirit of how to play the Najdorf.} 9. Be3 b5 {Fischer
just gives 9...Nc6 which is what black would do inthe dragon. But as white
cant play for Bh6 exchanging bishops, I have time to get a proper
Najdorf-setup on the queenside.} 10. Qd2 Bb7 11. f3 Nb6 12. O-O-O N8d7 {
White needs to hurry, as if Black manages to play Rc8 or Ne5 he will just be
better. Mortensen finds the right plan.} 13. Nb3 Rc8 14. Bd4 Bxd4 15. Qxd4 e5 {
The typical Najdorf move, not caring about d6 being weak. Fortunately g5 is
hanging, so its not a pawn sac.} 16. Qxd6 (16. Qd2 Nc4 17. Bxc4 bxc4 18. Na1 {
Is hard to evaluate. Black has positional weaknesses, but the knight on a1
must be plenty of compensation for that.}) 16... Qxg5+ 17. Kb1 Qe7 18. Na5 Ba8
19. a4 {White don't want to sit and wait, therebye getting a positionally
suspect ending, but acts before black consolidates.} Qxd6 (19... Rxc3 20. bxc3
Nxa4 {However would have refuted his plans. I feared} 21. Qc7 {Missing} O-O 22.
Rxd7 (22. Rd6 {Is better, but 22...Nxc3 is still better for black.}) 22... Qa3)
20. Rxd6 Ke7 21. Rd2 bxa4 (21... Rxc3 {Is fine again of course}) 22. Bxa6 Rc5 {
Trying to trap whites pieces.} 23. Bb5 Rb8 24. Ka2 Nf6 (24... f5 {Is vere
strong here. I just focused on winning one of his clumsy pieces, which however
doesn't work.}) 25. Ka3 Nc8 26. Kb4 Rc7 27. Nxa4 Nd6 28. c4 $4 (28. Rxd6 Kxd6
29. c4 {Gives white a more or less winning position. His pawns wil advance
easily, and I cant see any black counterplay.}) 28... Rxc4+ {My bluff worked.
Now black just wins material} 29. Nxc4 Rxb5+ 30. Kc3 Nfxe4+ 31. fxe4 Nxe4+ 32.
Kd3 Nxd2 33. Re1 Rd5+ 34. Kc3 Nxc4 35. Kxc4 Rd4+ {A nice trick, and a
important victory which in the end gave me the Danish Title.} 0-1

[Event "EU-ch 8th"]
[Site "Dresden"]
[Date "2007.04.08"]
[Round "6"]
[White "Nisipeanu, Liviu Dieter"]
[Black "Kempinski, Robert"]
[Result "1-0"]
[WhiteElo "2689"]
[BlackElo "2590"]
[Annotator "Nisipeanu,LD"]
[PlyCount "99"]
[EventDate "2007.04.03"]
[EventType "swiss"]
[EventRounds "11"]
[EventCountry "GER"]
[SourceTitle "CBM 118"]
[Source "ChessBase"]
[SourceDate "2007.05.31"]
[SourceVersion "1"]
[SourceVersionDate "2007.05.31"]
[SourceQuality "1"]

1. e4 c5 2. Nf3 d6 3. d4 cxd4 4. Nxd4 Nf6 5. Nc3 a6 6. Be3 e5 7. Nde2 {This
strange move has brought me incredible results in the past year, despite the
fact that Black should have no problems in the opening. One of the advantages
of playing this line is, that the computer engines do not help all that much.}
Be6 (7... Nbd7 {was Topalov's choice in the first game I played in this line
and was repeated by Bologan one month later.}) (7... Nc6 {was played in
Nisipeanu-Ivanchuk Spain 2006}) 8. f4 Nbd7 9. f5 Bc4 10. Nc1 d5 $1 $146 ({
Gelfand played} 10... Bxf1 {first, but after} 11. Rxf1 d5 {I had the choice to
play} 12. Nxd5 $1 (12. exd5 {would lead to the main line.}) 12... Nxe4 13. Nb3
Ndf6 14. Nxf6+ Nxf6 15. Qxd8+ Rxd8 16. Bg5 $16) 11. exd5 (11. Bxc4 dxc4 12. Qf3
{was also possible, but I don't think that this can worry Black.}) 11... Bxf1
12. Rxf1 Nb6 (12... Bb4 $5 13. N1e2 Nb6 14. Qd3 Nbxd5 15. O-O-O Nxc3 16. Nxc3
Qxd3 17. Rxd3 Rd8 $11 {was a good alternative to the text.}) 13. Qf3 $5 {
Somehow, I felt that this move was not part of my opponent's home preparation.
Also I was sure that the engines suggest something else and it seemed unlikely
that Kempinski had time to check every possible move at home.} Nbxd5 14. N1e2
Nxe3 ({After} 14... Nb4 15. Rc1 Be7 {White would have lost the right to castle,
but Black would also have some troubles with his king, as shown by the
following line:} 16. a3 Nc6 17. Rd1 Qa5 18. g4 h6 19. h4 h5 20. g5 Ng4 21. f6
$1 $36) 15. Qxe3 Qc7 (15... Qd6 {is the computer's preference, trying to
prevent White from castling long, but after} 16. Rd1 Qc7 17. Nd5 Nxd5 18. Rxd5
Bd6 19. Qc3 (19. f6 O-O-O 20. fxg7 Rhg8 21. Qc3 Rxg7 $13) 19... Qe7 20. Kd1 O-O
21. Qe3 Rfd8 22. Kc1 {White still brings his king to c1 and is slightly better.
}) 16. O-O-O Rc8 $1 {A very good move, which takes ideas like 17.g4 Ng4 18.Nd5
out of the position.} ({I had expected} 16... Bc5 17. Qf3 O-O 18. g4 e4 19. Qg2
{with very easy play for White, which at the FIDE time control gives you a big
advantage over your opponent.}) 17. Kb1 Bc5 (17... Bb4 18. g4 $36) (17... Be7
18. Ng3 (18. g4 Nxg4 19. Qg3 Nf6 20. Qxg7 Rg8 21. Qh6 b5 $13) 18... b5 19. Qe2
O-O 20. Nge4 $14) 18. Qf3 Qc6 19. Ng3 $14 {Finally White brings a knight to e4
after which he will have a slight, but enduring advantage.} Bd4 $1 {My
opponent knew my game with Gelfand and therefore tried to create counterplay
by any means.} (19... Qxf3 20. Rxf3 Ke7 21. Nge4 $16 {is quite unpromising for
Black.}) 20. Qxc6+ Rxc6 21. Nce4 Ng4 $1 {I underestimated this move, thinking
that my position is too solid for such attempts. While this might be true,
exchanging the knights seems again too easy to play for White.} 22. c3 Bb6 {
Now, I started to calculate some concrete lines and to my surprise, it was not
at all simple to refute this seemingly desperate counterplay.} 23. Rfe1 (23.
Rd2 h5 (23... Nxh2 24. Rfd1 O-O 25. Rd7 $36) 24. h3 Ne3 25. Rf3 h4 26. Nf1 Nxf1
27. Rxf1 Ke7 {and although I have managed to exchange the intrusive knight,
Black has also made substantial progress on the kingside, since now the f5
pawn needs constant attention.}) 23... f6 ({After the correct} 23... h5 $1 24.
Nf1 f6 25. Rd3 Nh6 26. Rf3 h4 $1 {it seems that Black has managed to finally
equalize.}) 24. Rd3 Ke7 25. h3 Nh6 {/\ g6} 26. Nh5 $1 {Whitout this move White
could not pose any problems.} Nxf5 27. g4 Nd6 28. Nxg7 Nxe4 29. Rxe4 $16 {
Black is left without counterplay and the rest is not so difficult. All that
White needs to do now is to exchange rooks and push his queenside majority.}
Rd8 30. Nf5+ Kf7 31. Kc2 Rxd3 32. Kxd3 Rc7 33. Rc4 Rd7+ 34. Ke4 Kg6 35. Rc8 Bd8
36. Rc5 Kg5 (36... h5 37. gxh5+ Kxh5 38. Rd5 Rxd5 39. Kxd5 $18 {is dead lost
for Black, although the engines can still not 'feel' this.}) 37. c4 $1 $18 h5
38. Rd5 Rxd5 39. cxd5 hxg4 40. hxg4 Kxg4 41. Nh6+ Kh5 42. Nf7 Bb6 43. Kf5 e4
44. Kxe4 Kg6 45. Nd6 Bg1 46. Nxb7 f5+ 47. Ke5 Kg5 48. d6 f4 49. d7 Bb6 50. Ke4
1-0

[Event "Foros Aerosvit 3rd"]
[Site "Foros"]
[Date "2008.06.12"]
[Round "5"]
[White "Nisipeanu, Liviu Dieter"]
[Black "Van Wely, Loek"]
[Result "1-0"]
[WhiteElo "2684"]
[BlackElo "2676"]
[Annotator "Nisipeanu,LD"]
[PlyCount "83"]
[EventDate "2008.06.08"]
[EventType "tourn"]
[EventRounds "11"]
[EventCountry "UKR"]
[EventCategory "19"]
[SourceTitle "CBM 125"]
[Source "ChessBase"]
[SourceDate "2008.07.30"]
[SourceVersion "1"]
[SourceVersionDate "2008.07.30"]
[SourceQuality "1"]

1. e4 c5 2. Nf3 d6 3. d4 cxd4 4. Nxd4 Nf6 5. Nc3 a6 6. Be3 e5 ({In Foros 2007,
Loek played In Foros 2007 zog Loek} 6... e6 {against me and after gegen mich,
und nach} 7. g4 {he managed to shock me by playing gelang es ihm, mich zu
schockieren mit} b5 {instead of 7...e5, which I considered to be the only move
which he could play in this position. statt 7...e5, was ich in dieser Stellung
für den einzig spielbaren Zug hielt.}) 7. Nb3 {My opponents are usually a
little bit surprised when my knight heads in this direction, since my score
with 7.Nde2 is quite convincing. Meine Gegner sind meist ein bisschen
überrascht, wenn mein Springer in diese Richtung strebt, da mein Score mit 7.
Nde2 ziemlich überzeugend ist.} Be6 8. Qd2 Nbd7 9. O-O-O Be7 10. f4 Ng4 11. g3
Nxe3 12. Qxe3 b5 13. Kb1 Qb6 $146 ({I was expecting Ich erwartete} 13... Nf6
14. Be2 Qb8 {because Loek won a very nice game against Ponomariov in this line.
, hatte doch Loek in diesem Abspiel eine sehr schöne Partie gegen Ponomariov
gewonnen}) 14. Qe1 (14. Qe2 $5 {occured in Nepomniachti-Van Wely, Dortmund
2008, a few weeks after Foros. genschah in Nepomniachti-Van Wely, Dortmund
2008, einige Wochen nach Foros.}) ({The more natural Das natürlichere} 14. Qf3
Nf6 15. f5 Bd7 16. g4 {ist einfach gut für Schwarz.} b4 {is just good for
Black.}) 14... b4 $6 (14... Nf6 15. Nd5 Nxd5 16. exd5 Bg4 17. Be2 Bxe2 18. Qxe2
exf4 {with a complicated game was a better choice. Incidentally, after 14.Qe2,
Black is deprived of this posibility. mit kompliziertem Spiel war eine besser
Wahl. Übrigens, nach 14.Qe2 hat Schwarz diese Möglichkeit nicht.}) 15. Nd5 ({
During the game I considered Während der Partie hielt ich} 15. Na4 Qc6 16. Qxb4
Rb8 {far too risky. With the help of engines it might be playable, though. für
viel zu riskant. Mit Hilfe von Engines könnte es aber spielbar sein.}) 15...
Bxd5 16. exd5 (16. Rxd5 O-O 17. Bd3 Nf6 18. Ra5 {looks artificial, but it
seems to be playable as well. sieht künstlich aus, scheint aber ebenfalls
spielbar zu sein.}) 16... O-O ({The engine likes Den Engines gefällt} 16... Bf6
17. g4 O-O 18. g5 {but I cannot understand why. , ich verstehe aber nicht
wieso.}) 17. Bh3 Nc5 {The most logical move Der logischste Zug.} ({Worse is
Schlechter ist} 17... f5 18. Nd4 $1 g6 19. Ne6 (19. Nc6 Bf6 20. g4) 19... Rfc8
20. g4 Rc3 $1 21. Qf1 $16) (17... Ra7 18. Bxd7 Rxd7 19. fxe5 dxe5 20. Qxe5 Bf6
21. Qe4 {does not give enough compensation for the pawn. gibt keine
rausreichende Kompensation für den Bauern.}) 18. fxe5 $1 (18. Nxc5 Qxc5 19.
fxe5 dxe5 20. Qxe5 Bd6 21. Qd4 Qc7 $44 {/\ a5, a4 with good compensation. /\
a5, a4 mit guter Kompensation.}) 18... Nxb3 19. axb3 dxe5 20. Qxe5 Bf6 21. Qf4
Ra7 ({After the game Loek told me that he missed Nach der Partie sagte mir
Loek, dass er} 21... a5 22. Bd7 $1 $18 {übersehen hatte.}) 22. d6 (22. Rhe1 a5
23. Re4 $16 {was also possible. war ebenfalls möglich.}) 22... a5 23. d7 a4 24.
Qd6 $1 $16 Qxd6 $1 (24... Qd8 25. bxa4 Rxa4 26. Rhe1 $18 {/\ Re8}) (24... Qb5
25. Rhe1 Raa8 26. Bg2 axb3 27. Bxa8 bxc2+ 28. Kxc2 $18) 25. Rxd6 axb3 $1 ({
I was expecting ich erwartete} 25... a3 26. Rxf6 $1 gxf6 27. Re1 axb2 28. Re4
$18) 26. cxb3 Be7 27. Rd5 {A careless move and the start of a wrong plan,
which almost spoiled the game. Ein sorgloser Zug und der Auftakt zu einem
verfehlten Plan, der die Partie fast verdorben hätte.} (27. Rc6 $1 f5 28. Rd1
g6 29. Rc8 Rd8 30. Bg2 $16 {followed by Bc6 should win without many problems.
nebst Bc6 sollte ohne große Probleme gewinnen.}) 27... Rfa8 $1 {During the
game, I could not understand why Black was driving the white king to the
centre. Some moves later, it becomes clear that the king stands in the way of
the white rooks.  Während der Partie konnte ich nicht verstehen, warum Schwarz
den weißen König ins Zentrum trieb. Einige Züge später wird klar, das er hier
den weißen Türmen im Weg steht.} 28. Kc2 Kf8 29. Re1 Rc7+ 30. Kd3 g6 31. Rde5
$6 {I was in serious time trouble here. Hier befand ich mich in ernster
Zeitnot.} (31. Re4 $1 Rd8 32. Rde5 Rcxd7+ 33. Bxd7 Rxd7+ 34. Kc4 {followed by
Re7 still wins.}) 31... Bd8 32. Re8+ $6 ({Only Nur} 32. Rd5 f5 33. g4 Bh4 34.
Rd1 Rd8 35. Ke2 Bf6 $1 36. gxf5 g5 37. Bg4 {keeps some winning chances. wahrt
einige Gewinnchancen.}) 32... Kg7 33. R1e5 Rc1 $2 (33... f5 $1 34. Rd5 Kf7 $1 {
/\ Rd7} 35. Bg2 Rb8 (35... Rxd7 $2 36. Rh8 $1 $18) 36. Re1 Bf6 37. Rd6 Be7 {
would have saved the game. hätte die Partie gerettet.}) 34. Bg2 Rb8 35. Rd5 $18
h5 36. Bf3 Rf1 37. Ke2 Rc1 38. Rb5 $1 {Nice move, especially since I had very
little time on the clock. Ein schöner Zug, zumal ich nur noch sehr wenig Zeit
auf der Uhr hatte.} Rxb5 39. Rxd8 Rc2+ 40. Kd3 Rxb2 41. Rc8 Rxb3+ 42. Kc4 1-0